| 000 | 00779nam a2200241 a 4500 | ||
|---|---|---|---|
| 001 | 62227 | ||
| 005 | 20180714064152.0 | ||
| 008 | 150309s2013 sp a r 000 spa d | ||
| 020 | _a978-84-8476-661-2 | ||
| 041 | _aspa | ||
| 082 | 0 |
_a631.4 _bPOR |
|
| 100 | 1 |
_aPorta, Jaume _eautor |
|
| 245 | 0 |
_aEdafología : _buso y protección de suelos / _cJaume Porta, Marta López-Acevedo, Rosa M. Poch. |
|
| 250 | _a3a. edición | ||
| 264 | 1 |
_aEspaña : _bEdiciones Mundi-Prensa, _c2013 |
|
| 300 |
_a607 páginas : _bilustraciones ; _c28 cm. |
||
| 336 |
_atexto _2rdacontent |
||
| 337 |
_asin mediación _2rdamedia |
||
| 338 |
_avolumen _2rdacarrier |
||
| 650 | 0 | _aEdafología | |
| 700 | 1 |
_aLópez-Acevedo Reguerín, Marta _eautor |
|
| 700 | 1 |
_aPoch, Rosa M. _eautor |
|
| 999 |
_c62227 _d62227 |
||